ARRUPE JESUIT UNIVERSITY

CORONAVIRUS -STOP THE SPREAD - CLEAN,DISINFECT,COVER

Response to 101 questions on catholic social teaching. (Record no. 131511)

MARC details
000 -LEADER
fixed length control field 00556nam a22001577a 4500
008 - FIXED-LENGTH DATA ELEMENTS--GENERAL INFORMATION
fixed length control field 220610b |||||||| |||| 00| 0 eng
020 ## - INTERNATIONAL STANDARD BOOK NUMBER
International Standard Book Number 080914042.
050 ## - LIBRARY OF CONGRESS CALL NUMBER
Classification number BX1753.H54 2001
100 ## - MAIN ENTRY--PERSONAL NAME
Personal name Himes, R. Kenneth,O.F.M.
9 (RLIN) 51818
245 ## - TITLE STATEMENT
Title Response to 101 questions on catholic social teaching.
Statement of responsibility, etc Kenneth R. Himes,O.F.M.
260 ## - PUBLICATION, DISTRIBUTION, ETC. (IMPRINT)
Place of publication, distribution, etc New York:
Name of publisher, distributor, etc Paulist Press,
Date of publication, distribution, etc 1998.
300 ## - PHYSICAL DESCRIPTION
Extent xiii,115p.;
Dimensions 20cm.
650 ## - SUBJECT ADDED ENTRY--TOPICAL TERM
Topical term or geographic name as entry element sociology,christian (catholic)
General subdivision miscellanea
9 (RLIN) 51819
650 ## - SUBJECT ADDED ENTRY--TOPICAL TERM
Topical term or geographic name as entry element catholic church
Form subdivision miscellanea
General subdivision doctrines
9 (RLIN) 51820
942 ## - ADDED ENTRY ELEMENTS (KOHA)
Source of classification or shelving scheme Library of Congress Classification
Item type Monograph ( Printed materials)
Holdings
Withdrawn status Lost status Source of classification or shelving scheme Damaged status Not for loan Collection code Home library Current library Date acquired Total Checkouts Full call number Barcode Date last seen Price effective from Koha item type
    Library of Congress Classification     Main Collection ARRUPE LIBRARY ARRUPE LIBRARY 10/06/2022   BX1753.H54 2001 46600009239 10/06/2022 10/06/2022 Monograph ( Printed materials)

 

Arrupe Library. PO Box MP320 Mt Pleasant, Harare, Zimbabwe
263 242 745411|librarian@aju.ac.zw